| 000 | 00629nam a2200205 i 4500 | ||
|---|---|---|---|
| 001 | 64326 | ||
| 003 | ES-MaACL | ||
| 005 | 20230906165113.0 | ||
| 007 | t| | ||
| 008 | 031223s1972 sp ||||1| spa d | ||
| 100 | 1 |
_aFloristán, Casiano ( _d1926-2006) _951340 |
|
| 245 | 1 | 3 |
_aEl catecumenado / _cCasiano Floristán Samanes. |
| 260 |
_aMadrid : _bPropaganda Popular Católica, _c[1972] |
||
| 300 |
_a175 p. ; _c22 cm. |
||
| 490 | 1 |
_aTeología y acción pastoral ; _v1 |
|
| 650 | 4 |
_aBautismo. _9135676 |
|
| 830 | 0 |
_aTeología y acción pastoral ; _v1 _9183630 |
|
| 852 |
_aES-MaACL _jC-45155 _bR.81370 |
||
| 999 |
_c64326 _d64326 |
||